The worker, his job, and his government; (Record no. 21879)
[ view plain ]
| 000 -LEADER | |
|---|---|
| fixed length control field | 01631cam a22003251 4500 |
| 001 - CONTROL NUMBER | |
| control field | e 42000250 |
| 003 - CONTROL NUMBER IDENTIFIER | |
| control field | DLC |
| 005 - DATE AND TIME OF LATEST TRANSACTION | |
| control field | 20260227111231.0 |
| 008 - FIXED-LENGTH DATA ELEMENTS--GENERAL INFORMATION | |
| fixed length control field | 850821s1942 dcu bl f000 0 eng c |
| 010 ## - LIBRARY OF CONGRESS CONTROL NUMBER | |
| LC control number | e 42000250 |
| 035 ## - SYSTEM CONTROL NUMBER | |
| System control number | (OCoLC)12409639 |
| 040 ## - CATALOGING SOURCE | |
| Original cataloging agency | U.S. Off. of Educ. Library |
| Transcribing agency | CLU |
| Modifying agency | CLU |
| -- | DLC |
| 042 ## - AUTHENTICATION CODE | |
| Authentication code | premarc |
| 050 00 - LIBRARY OF CONGRESS CALL NUMBER | |
| Classification number | LC1045 |
| Item number | .A25 no. 220 |
| 082 ## - DEWEY DECIMAL CLASSIFICATION NUMBER | |
| Classification number | 331.0973 |
| 110 1# - MAIN ENTRY--CORPORATE NAME | |
| Corporate name or jurisdiction name as entry element | United States. |
| Subordinate unit | Office of Education. |
| 245 14 - TITLE STATEMENT | |
| Title | The worker, his job, and his government; |
| Remainder of title | an introduction to federal labor laws, |
| Statement of responsibility, etc. | prepared jointly by U.S. Office of Education, Federal Security Agency and Division of Labor Standards, United States Department of Labor. Federal Security Agency, Paul V. McNutt, administrator. U.S. Office of Education, John W. Studebaker, commissioner. |
| 260 ## - PUBLICATION, DISTRIBUTION, ETC. | |
| Place of publication, distribution, etc. | Washington, |
| Name of publisher, distributor, etc. | U.S. Govt. Print. Off., |
| Date of publication, distribution, etc. | 1942. |
| 300 ## - PHYSICAL DESCRIPTION | |
| Extent | x, 63 p. |
| Dimensions | 23 cm. |
| 490 1# - SERIES STATEMENT | |
| Series statement | Its Vocational division bulletin |
| Volume/sequential designation | no. 220. Defense training series no. 1 |
| 500 ## - GENERAL NOTE | |
| General note | "Prepared by Agnes Martocci ... in collaboration with Jean Flexner, Mary Dahl, Val Lorwin, and Marian Mel."--Foreword. |
| 500 ## - GENERAL NOTE | |
| General note | Bound with Vocational Division bulletin no. 221-no. 228 subsequent to publication. |
| 504 ## - BIBLIOGRAPHY, ETC. NOTE | |
| Bibliography, etc. note | Bibliography at end of each chapter. |
| 650 #0 - SUBJECT ADDED ENTRY--TOPICAL TERM | |
| Topical term or geographic name entry element | Labor laws and legislation |
| Geographic subdivision | United States. |
| 650 #0 - SUBJECT ADDED ENTRY--TOPICAL TERM | |
| Topical term or geographic name entry element | Labor and laboring classes |
| Geographic subdivision | United States. |
| 710 1# - ADDED ENTRY--CORPORATE NAME | |
| Corporate name or jurisdiction name as entry element | United States. |
| Subordinate unit | Bureau of Labor Standards. |
| 700 1# - ADDED ENTRY--PERSONAL NAME | |
| Personal name | Martocci, Agnes. |
| 700 1# - ADDED ENTRY--PERSONAL NAME | |
| Personal name | Flexner, Jean Atherton. |
| 810 1# - SERIES ADDED ENTRY--CORPORATE NAME | |
| Corporate name or jurisdiction name as entry element | United States. |
| Subordinate unit | Office of Education. |
| Title of a work | Vocational division bulletin |
| Volume/sequential designation | no. 220. Defense training series no. 1. |
No items available.